[Event "Scarborough CC Jack Frost"]
[Site "Toronto CAN"]
[Date "2012.01.26"]
[Round "4"]
[White "Krupka, David"]
[Black "Triefeldt, Jack"]
[Result "1/2-1/2"]
[WhiteElo "2028"]
[BlackElo "1747"]
[PlyCount "59"]
[GameId "2160767909573030"]
[EventDate "2012.01.05"]
[EventType "swiss"]
[EventRounds "6"]
[EventCountry "CAN"]
[SourceTitle "EXT 2022"]
[Source "ChessBase"]
[SourceDate "2021.10.06"]
[SourceVersion "1"]
[SourceVersionDate "2021.10.06"]
[SourceQuality "1"]

1. d4 Nf6 2. c4 g6 3. Nc3 Bg7 4. e4 d6 5. f3 O-O 6. Be3 e5 7. Nge2 Nbd7 8. Qd2 c5 9. d5 Nb6 10. b3 Ne8 11. g3 f5 12. Bg2 a6 13. O-O Nf6 14. Rae1 Qe7 15. Kh1 fxe4 16. Nxe4 Nxe4 17. fxe4 Bg4 18. h3 Bxe2 19. Qxe2 Nd7 20. h4 Rxf1+ 21. Rxf1 Rf8 22. Bh3 Rxf1+ 23. Qxf1 Nf8 24. Bg5 Qe8 25. Qc1 b6 26. Qa3 a5 27. Qa4 Qf7 28. Kg2 h6 29. Bd8 Bf6 30. Bxb6 1/2-1/2

[Event "Scarborough CC Jack Frost"]
[Site "Toronto CAN"]
[Date "2012.01.26"]
[Round "4"]
[White "Paterson, Jim"]
[Black "Fan, Yibing"]
[Result "1-0"]
[WhiteElo "1831"]
[BlackElo "1755"]
[PlyCount "61"]
[GameId "2160767909573031"]
[EventDate "2012.01.05"]
[EventType "swiss"]
[EventRounds "6"]
[EventCountry "CAN"]
[SourceTitle "EXT 2022"]
[Source "ChessBase"]
[SourceDate "2021.10.06"]
[SourceVersion "1"]
[SourceVersionDate "2021.10.06"]
[SourceQuality "1"]

1. e4 c5 2. Nc3 Nc6 3. g3 d6 4. Bg2 g6 5. d3 Bg7 6. Nge2 Bg4 7. h3 Bd7 8. O-O Nf6 9. Be3 h5 10. Bg5 Nh7 11. Be3 Nf6 12. f3 Qc8 13. Kh2 Nh7 14. Qd2 Nf8 15. Rab1 Ne6 16. Nd5 Ned4 17. c4 Be6 18. Nef4 Bd7 19. Ne2 Nxe2 20. Qxe2 Nd4 21. Qd2 Bc6 22. Bg5 f6 23. Be3 e5 24. f4 Bxd5 25. exd5 O-O 26. fxe5 fxe5 27. Bxd4 exd4 28. Qg5 Kh7 29. Be4 Qe8 30. Qxh5+ Kg8 31. Bxg6 1-0

[Event "Scarborough CC Jack Frost"]
[Site "Toronto CAN"]
[Date "2012.01.26"]
[Round "4"]
[White "Picana, Andrew"]
[Black "Manalo, Pepin"]
[Result "1-0"]
[WhiteElo "2060"]
[BlackElo "1857"]
[PlyCount "89"]
[GameId "2160767909573032"]
[EventDate "2012.01.05"]
[EventType "swiss"]
[EventRounds "6"]
[EventCountry "CAN"]
[SourceTitle "EXT 2022"]
[Source "ChessBase"]
[SourceDate "2021.10.06"]
[SourceVersion "1"]
[SourceVersionDate "2021.10.06"]
[SourceQuality "1"]

1. c4 e5 2. Nc3 Nf6 3. g3 g6 4. Bg2 Bg7 5. Nf3 Qe7 6. O-O e4 7. Ng5 d5 8. cxd5 Bf5 9. Ncxe4 Nxe4 10. Nxe4 Nd7 11. d3 Nb6 12. Nc3 Rd8 13. e4 Bc8 14. Be3 c5 15. Qb3 Bd7 16. Qa3 Rc8 17. Qxa7 Qd8 18. Qa3 Qe7 19. Qb3 Qd8 20. Rac1 O-O 21. Nb5 Bxb5 22. Qxb5 Qd6 23. Bxc5 Rxc5 24. Qxc5 Qd8 25. Qc7 Qf6 26. Qc3 Qg5 27. Qb3 Bd4 28. Rc7 Qf6 29. Kh1 Rb8 30. f4 Qd6 31. Rfc1 Kg7 32. e5 Qf8 33. d6 Na8 34. Rxb7 Rxb7 35. Qxb7 Nb6 36. b3 h5 37. a4 h4 38. g4 Qd8 39. Rc7 Qe8 40. d7 Qd8 41. e6 h3 42. Be4 Qh4 43. Rc1 Be3 44. d8=Q Qxd8 45. Qxf7+ 1-0

[Event "Scarborough CC Jack Frost"]
[Site "Toronto CAN"]
[Date "2012.01.26"]
[Round "4"]
[White "Sharpe, Sam"]
[Black "Ugodnikov, Arkadiy"]
[Result "1-0"]
[WhiteElo "1952"]
[BlackElo "1820"]
[PlyCount "83"]
[GameId "2160767909573033"]
[EventDate "2012.01.05"]
[EventType "swiss"]
[EventRounds "6"]
[EventCountry "CAN"]
[SourceTitle "EXT 2022"]
[Source "ChessBase"]
[SourceDate "2021.10.06"]
[SourceVersion "1"]
[SourceVersionDate "2021.10.06"]
[SourceQuality "1"]

1. c4 Nf6 2. g3 g6 3. Bg2 e5 4. Nc3 Bg7 5. e4 d6 6. Nge2 Nc6 7. O-O Bg4 8. h3 Be6 9. d3 Qd7 10. Kh2 O-O 11. Nd5 Bxd5 12. cxd5 Ne7 13. Be3 c6 14. dxc6 Nxc6 15. Nc3 Rfc8 16. Qd2 Ne7 17. Bh6 b5 18. Bxg7 Kxg7 19. f4 b4 20. fxe5 dxe5 21. Ne2 a5 22. d4 Ra7 23. Qg5 Neg8 24. dxe5 Ne8 25. Rad1 Qe7 26. Qe3 Rac7 27. Qf4 Rc2 28. Nd4 Rxb2 29. Qg4 Qc7 30. Nf5+ Kh8 31. Nd6 Nxd6 32. exd6 Qc2 33. Qf3 f6 34. d7 Rd8 35. Kh1 Rxa2 36. g4 Qc7 37. Qd3 Qc2 38. Qg3 Kg7 39. e5 Ra3 40. exf6+ Kf7 41. Bd5+ Kf8 42. Qd6+ 1-0

[Event "Scarborough CC Jack Frost"]
[Site "Toronto CAN"]
[Date "2012.01.26"]
[Round "4"]
[White "Shebetah, Wajdy"]
[Black "Lin, Tony (Juntao)"]
[Result "1/2-1/2"]
[WhiteElo "2062"]
[BlackElo "2052"]
[PlyCount "54"]
[GameId "2160767909573034"]
[EventDate "2012.01.05"]
[EventType "swiss"]
[EventRounds "6"]
[EventCountry "CAN"]

1. e4 e6 2. Nf3 c5 3. c3 Nc6 4. d4 d5 5. exd5 exd5 6. Be3 cxd4 7. Bxd4 Be6 8. Bb5 Nf6 9. O-O Be7 10. Ne5 Bd7 11. Nxd7 Qxd7 12. Nd2 a6 13. Bxf6 Bxf6 14. Re1+ Kf8 15. Ba4 Qc7 16. Nf3 Rd8 17. Qe2 g6 18. Bxc6 Qxc6 19. Rad1 Kg7 20. Qd2 Rhe8 21. Rxe8 Qxe8 22. Re1 Qa4 23. a3 d4 24. cxd4 Bxd4 25. Nxd4 Qxd4 26. Qxd4+ Rxd4 27. Kf1 Rd2 1/2-1/2

[Event "Scarborough CC Jack Frost"]
[Site "Toronto CAN"]
[Date "2012.01.26"]
[Round "4"]
[White "Southam, David"]
[Black "Song, Michael"]
[Result "1/2-1/2"]
[WhiteElo "2205"]
[BlackElo "2184"]
[PlyCount "32"]
[GameId "2160767909573035"]
[EventDate "2012.01.05"]
[EventType "swiss"]
[EventRounds "6"]
[EventCountry "CAN"]
[SourceTitle "EXT 2022"]
[Source "ChessBase"]
[SourceDate "2021.10.06"]
[SourceVersion "1"]
[SourceVersionDate "2021.10.06"]
[SourceQuality "1"]

1. d4 d6 2. e4 Nf6 3. Nc3 c6 4. Bg5 Nbd7 5. f4 Qa5 6. Qd2 h6 7. Bh4 e5 8. Bf2 exf4 9. Qxf4 d5 10. Bd3 dxe4 11. Bxe4 Bd6 12. Qd2 Nxe4 13. Nxe4 Qxd2+ 14. Kxd2 Bf4+ 15. Be3 Bc7 16. Rf1 O-O 1/2-1/2

[Event "Scarborough CC Jack Frost"]
[Site "Toronto CAN"]
[Date "2012.01.26"]
[Round "4"]
[White "Zotkin, Daniel"]
[Black "Nasirov, Ilyas"]
[Result "0-1"]
[WhiteElo "1714"]
[BlackElo "2045"]
[PlyCount "60"]
[GameId "2160767909573037"]
[EventDate "2012.01.05"]
[EventType "swiss"]
[EventRounds "6"]
[EventCountry "CAN"]
[SourceTitle "EXT 2022"]
[Source "ChessBase"]
[SourceDate "2021.10.06"]
[SourceVersion "1"]
[SourceVersionDate "2021.10.06"]
[SourceQuality "1"]

1. b3 Nf6 2. Bb2 e6 3. e3 d5 4. Nf3 c5 5. Ne5 Be7 6. Bb5+ Bd7 7. Bxd7+ Nbxd7 8. f4 Nxe5 9. Bxe5 d4 10. exd4 cxd4 11. O-O O-O 12. Qf3 Qb6 13. Kh1 Rac8 14. c4 Nd7 15. Qe4 Nc5 16. Qf3 Rfd8 17. f5 f6 18. Bg3 e5 19. d3 Qa5 20. Be1 Qa6 21. b4 Nb3 22. axb3 Qxa1 23. Bd2 Rd7 24. Rd1 Qa2 25. Re1 Qxb3 26. b5 b6 27. Qg3 Bb4 28. Bxb4 Qxb4 29. Rf1 e4 30. dxe4 Qxc4 0-1

[Event "Scarborough CC Jack Frost"]
[Site "Toronto CAN"]
[Date "2012.02.02"]
[Round "5"]
[White "Fan, Yibing"]
[Black "Stavropoulos, Greg"]
[Result "1/2-1/2"]
[WhiteElo "1755"]
[BlackElo "1757"]
[PlyCount "112"]
[GameId "2160767909573038"]
[EventDate "2012.01.05"]
[EventType "swiss"]
[EventRounds "6"]
[EventCountry "CAN"]
[SourceTitle "EXT 2022"]
[Source "ChessBase"]
[SourceDate "2021.10.06"]
[SourceVersion "1"]
[SourceVersionDate "2021.10.06"]
[SourceQuality "1"]

1. d4 Nf6 2. c4 c5 3. d5 b5 4. cxb5 a6 5. b6 Qxb6 6. Nc3 g6 7. e4 d6 8. Bc4 Bg7 9. Nge2 O-O 10. O-O Nbd7 11. f4 Qc7 12. Be3 Rb8 13. Rb1 Ng4 14. Qd2 Nxe3 15. Qxe3 Rb4 16. b3 Nb6 17. a3 Nxc4 18. bxc4 Rxb1 19. Rxb1 Bg4 20. h3 Bxe2 21. Nxe2 Rb8 22. Rb3 Rb6 23. Kf1 Qb7 24. Nc1 Bb2 25. Rxb6 Qxb6 26. Qb3 Qxb3 27. Nxb3 Bxa3 28. Na5 Kf8 29. Ke2 Bb4 30. Nc6 a5 31. Kd3 a4 32. f5 Be1 33. g4 Bh4 34. Kc2 h5 35. Kb2 gxf5 36. gxf5 Kg7 37. Ka3 Kf6 38. Kxa4 e6 39. fxe6 fxe6 40. Kb5 exd5 41. exd5 Kf5 42. Na5 Bg3 43. Nb7 Kg5 44. Kc6 Kh4 45. Nxd6 Kxh3 46. Nf5 Bf4 47. d6 Kg4 48. d7 Bg5 49. Nh6+ Kg3 50. Nf7 Be7 51. d8=Q Bxd8 52. Nxd8 h4 53. Ne6 h3 54. Nxc5 h2 55. Kd6 h1=Q 56. Ne6 Qc1 1/2-1/2

[Event "Scarborough CC Jack Frost"]
[Site "Toronto CAN"]
[Date "2012.02.02"]
[Round "5"]
[White "Krupka, David"]
[Black "Huston, Scott"]
[Result "1-0"]
[WhiteElo "2028"]
[BlackElo "1784"]
[PlyCount "51"]
[GameId "2160767909573039"]
[EventDate "2012.01.05"]
[EventType "swiss"]
[EventRounds "6"]
[EventCountry "CAN"]
[SourceTitle "EXT 2022"]
[Source "ChessBase"]
[SourceDate "2021.10.06"]
[SourceVersion "1"]
[SourceVersionDate "2021.10.06"]
[SourceQuality "1"]

1. d4 Nf6 2. c4 e6 3. Nc3 Bb4 4. Bg5 b6 5. e3 Bb7 6. Nf3 d5 7. Qa4+ Nc6 8. Ne5 Qd6 9. Bf4 Nh5 10. c5 bxc5 11. Bb5 O-O 12. Bxc6 Bxc6 13. Qxc6 cxd4 14. Qxd6 cxd6 15. Nc6 Bxc3+ 16. bxc3 Nxf4 17. exf4 dxc3 18. Rc1 Rfe8 19. Rxc3 Rac8 20. Ne7+ Kf8 21. Nxc8 d4 22. Rc7 e5 23. Nxd6 Re6 24. fxe5 Rxe5+ 25. Kd2 d3 26. Re1 1-0

[Event "Scarborough CC Jack Frost"]
[Site "Toronto CAN"]
[Date "2012.02.02"]
[Round "5"]
[White "Lin, Tony (Juntao)"]
[Black "Sharpe, Sam"]
[Result "1/2-1/2"]
[WhiteElo "2052"]
[BlackElo "1952"]
[PlyCount "53"]
[GameId "2160767909573040"]
[EventDate "2012.01.05"]
[EventType "swiss"]
[EventRounds "6"]
[EventCountry "CAN"]

1. d4 d5 2. Nf3 Nf6 3. e3 g6 4. c4 Bg7 5. Nc3 O-O 6. Be2 c5 7. dxc5 dxc4 8. Qxd8 Rxd8 9. Bxc4 Nc6 10. O-O Bf5 11. Nd2 Ne5 12. Be2 Nd3 13. Bxd3 Bxd3 14. Re1 Rac8 15. Nb3 Nd7 16. Nd5 Kf8 17. Nb4 Bc4 18. Na5 Ne5 19. Nxb7 Rd7 20. c6 Nxc6 21. Nxc6 Rxc6 22. Na5 Rc5 23. Nxc4 Rxc4 24. Rb1 Rc2 25. a4 a5 26. b3 Bc3 27. Rf1 1/2-1/2

[Event "Scarborough CC Jack Frost"]
[Site "Toronto CAN"]
[Date "2012.02.02"]
[Round "5"]
[White "Manalo, Pepin"]
[Black "Zotkin, Daniel"]
[Result "1/2-1/2"]
[WhiteElo "1879"]
[BlackElo "1714"]
[PlyCount "94"]
[GameId "2160767909573041"]
[EventDate "2012.01.05"]
[EventType "swiss"]
[EventRounds "6"]
[EventCountry "CAN"]
[SourceTitle "EXT 2022"]
[Source "ChessBase"]
[SourceDate "2021.10.06"]
[SourceVersion "1"]
[SourceVersionDate "2021.10.06"]
[SourceQuality "1"]

1. d4 d5 2. Nf3 Nf6 3. g3 g6 4. Bg2 Bg7 5. Bg5 Nbd7 6. Nc3 h6 7. Bf4 O-O 8. h4 b6 9. Qd2 h5 10. Bh6 Bb7 11. Bxg7 Kxg7 12. Ng5 Re8 13. f4 c5 14. e3 cxd4 15. exd4 Qc7 16. O-O-O a6 17. Rhf1 e6 18. Rde1 b5 19. a3 Nb6 20. b3 Qd6 21. Nb1 a5 22. Rf3 a4 23. Rc3 Rec8 24. Rxc8 Rxc8 25. Kb2 Qc6 26. Bf1 Ne4 27. Nxe4 dxe4 28. Qe2 f5 29. Qd2 Nd5 30. c4 bxc4 31. Bxc4 axb3 32. Bxb3 e3 33. Qa5 Ba6 34. Bxd5 exd5 35. Nc3 Rb8+ 36. Kc2 Qc4 37. Rxe3 Qb3+ 38. Kd2 Qb2+ 39. Ke1 Qc1+ 40. Nd1 Rb1 41. Qd2 Qc4 42. Rf3 Ra1 43. Qe3 Qc2 44. Qe5+ Kf7 45. Qxd5+ Kg7 46. Qe5+ Kf7 47. Qd5+ Kg7 1/2-1/2

[Event "Scarborough CC Jack Frost"]
[Site "Toronto CAN"]
[Date "2012.02.02"]
[Round "5"]
[White "Nasirov, Ilyas"]
[Black "Wu, Kevin"]
[Result "0-1"]
[WhiteElo "2045"]
[BlackElo "2010"]
[PlyCount "85"]
[GameId "2160767909573042"]
[EventDate "2012.01.05"]
[EventType "swiss"]
[EventRounds "6"]
[EventCountry "CAN"]
[SourceTitle "EXT 2022"]
[Source "ChessBase"]
[SourceDate "2021.10.06"]
[SourceVersion "1"]
[SourceVersionDate "2021.10.06"]
[SourceQuality "1"]

1. d4 g6 2. c4 Bg7 3. Nc3 c5 4. d5 Bxc3+ 5. bxc3 f5 6. e3 Nf6 7. Bd3 Qa5 8. Ne2 d6 9. O-O Nbd7 10. Qc2 Nb6 11. Nf4 Bd7 12. a4 O-O-O 13. Bd2 Ng4 14. Be2 Ne5 15. Qa2 h6 16. Rfb1 Rdf8 17. Rb5 Bxb5 18. cxb5 c4 19. Ne6 Rf6 20. f4 Ned7 21. Bxc4 Nc5 22. Nd4 Qxa4 23. Qxa4 Ncxa4 24. Bb3 Nc5 25. Rxa7 Kb8 26. Ra2 Rc8 27. Kf2 Nxb3 28. Nxb3 Nxd5 29. Rc2 Nb4 30. cxb4 Rxc2 31. Ke1 e5 32. Kd1 Rc8 33. fxe5 dxe5 34. Nc5 Rd6 35. Ke2 b6 36. Bc3 Rd5 37. Bxe5+ Ka7 38. Nd3 Rc2+ 39. Kd1 Rxg2 40. Bd4 Rxh2 41. Ne5 Rxb5 42. Nxg6 Rxb4 43. Kc1 0-1

[Event "Scarborough CC Jack Frost"]
[Site "Toronto CAN"]
[Date "2012.02.02"]
[Round "5"]
[White "Shebetah, Wajdy"]
[Black "Southam, David"]
[Result "1/2-1/2"]
[WhiteElo "2062"]
[BlackElo "2211"]
[PlyCount "57"]
[GameId "2160767909573043"]
[EventDate "2012.01.05"]
[EventType "swiss"]
[EventRounds "6"]
[EventCountry "CAN"]

1. e4 e6 2. Nf3 c5 3. c3 Nf6 4. e5 Nd5 5. g3 Nc6 6. Bg2 d6 7. exd6 Bxd6 8. O-O O-O 9. Na3 Re8 10. Nc4 Bc7 11. d4 Qe7 12. Nce5 Bxe5 13. dxe5 h6 14. Qa4 f5 15. exf6 Qxf6 16. Qe4 Bd7 17. Be3 b6 18. Rad1 Rad8 19. c4 Nxe3 20. fxe3 Qf5 21. Qxf5 exf5 22. Nh4 Ne7 23. Bh3 g5 24. Nxf5 Bxf5 25. Rxd8 Rxd8 26. Bxf5 Nxf5 27. Rxf5 Rd1+ 28. Kg2 Re1 29. Rf2 1/2-1/2

[Event "Scarborough CC Jack Frost"]
[Site "Toronto CAN"]
[Date "2012.02.02"]
[Round "5"]
[White "Song, Lin"]
[Black "Zhang, John"]
[Result "1-0"]
[WhiteElo "1868"]
[BlackElo "1767"]
[PlyCount "70"]
[GameId "2160767909573044"]
[EventDate "2012.01.05"]
[EventType "swiss"]
[EventRounds "6"]
[EventCountry "CAN"]
[SourceTitle "EXT 2022"]
[Source "ChessBase"]
[SourceDate "2021.10.06"]
[SourceVersion "1"]
[SourceVersionDate "2021.10.06"]
[SourceQuality "1"]

1. e4 c5 2. Nf3 Nc6 3. d4 cxd4 4. Nxd4 e5 5. Nb5 d6 6. N1c3 a6 7. Na3 Be7 8. Nd5 Nf6 9. Be3 Nxd5 10. exd5 Nb8 11. Be2 Bf5 12. O-O O-O 13. Nc4 b5 14. Nd2 Bg6 15. a4 b4 16. Nc4 Nd7 17. a5 Qc7 18. f4 Bh5 19. Nb6 Bxe2 20. Qxe2 Nxb6 21. Bxb6 Qb7 22. Qd3 Bf6 23. f5 Rfe8 24. Qe4 Rac8 25. Rf3 Qd7 26. Rc1 Qb5 27. c4 bxc3 28. Rfxc3 Rxc3 29. bxc3 Rc8 30. c4 Qb2 31. Qc2 Qa3 32. Qc3 Qa4 33. Qd3 Qb4 34. Qe4 Qa4 35. Qd3 h6 1-0

[Event "Scarborough CC Jack Frost"]
[Site "Toronto CAN"]
[Date "2012.02.02"]
[Round "5"]
[White "Song, Michael"]
[Black "Picana, Andrew"]
[Result "1-0"]
[WhiteElo "2160"]
[BlackElo "2092"]
[PlyCount "87"]
[GameId "2160767909573045"]
[EventDate "2012.01.05"]
[EventType "swiss"]
[EventRounds "6"]
[EventCountry "CAN"]
[SourceTitle "EXT 2022"]
[Source "ChessBase"]
[SourceDate "2021.10.06"]
[SourceVersion "1"]
[SourceVersionDate "2021.10.06"]
[SourceQuality "1"]

1. d4 Nf6 2. Nf3 g6 3. c4 Bg7 4. Nc3 O-O 5. g3 d6 6. Bg2 Nbd7 7. O-O e5 8. e4 a6 9. Rb1 exd4 10. Nxd4 Ne5 11. b3 Bg4 12. f3 Bd7 13. Bb2 Qc8 14. Nd5 Nxd5 15. cxd5 Bh3 16. Qd2 Bxg2 17. Kxg2 Qd8 18. Rfe1 h5 19. f4 Bh6 20. Qc3 Kh7 21. fxe5 dxe5 22. Nf3 Re8 23. Bc1 Bg7 24. Rf1 f6 25. Be3 Re7 26. Rbc1 Rc8 27. Qb4 b6 28. d6 Rd7 29. dxc7 Rdxc7 30. Bxb6 Rc2+ 31. Rxc2 Rxc2+ 32. Rf2 Qd1 33. Qe1 Qd3 34. Rxc2 Qxc2+ 35. Bf2 Qxa2 36. Qc3 Qb1 37. Qc4 a5 38. Qd5 Qc2 39. Ne1 Qc3 40. Nd3 g5 41. Nc5 g4 42. Qd3 Qb2 43. Ne6 Bh6 44. Qd7+ 1-0

[Event "Scarborough CC Jack Frost"]
[Site "Toronto CAN"]
[Date "2012.02.02"]
[Round "5"]
[White "Ugodnikov, Arkadiy"]
[Black "Morra, Lui"]
[Result "0-1"]
[WhiteElo "1820"]
[BlackElo "1709"]
[PlyCount "82"]
[GameId "2160767909573046"]
[EventDate "2012.01.05"]
[EventType "swiss"]
[EventRounds "6"]
[EventCountry "CAN"]
[SourceTitle "EXT 2022"]
[Source "ChessBase"]
[SourceDate "2021.10.06"]
[SourceVersion "1"]
[SourceVersionDate "2021.10.06"]
[SourceQuality "1"]

1. e4 c5 2. Nf3 e6 3. c3 d5 4. Qe2 Be7 5. g3 Nc6 6. Bg2 d4 7. d3 e5 8. O-O Bg4 9. Nbd2 b5 10. h3 Be6 11. cxd4 cxd4 12. Nb3 Nf6 13. Bg5 Qb6 14. Rfc1 O-O 15. Bxf6 Bxf6 16. Nc5 Bc8 17. Qd2 Be7 18. Nb3 a5 19. Qe2 Bd7 20. Nh2 Bd6 21. Rf1 Rac8 22. Rac1 a4 23. Nd2 Rc7 24. f4 Rfc8 25. fxe5 Nxe5 26. Rxc7 Rxc7 27. Ndf3 Ng6 28. e5 Be7 29. Qf2 Be6 30. h4 Bxa2 31. h5 Nf8 32. Ng4 Bb3 33. Nh4 Rc2 34. Qf4 Bxh4 35. gxh4 Rxb2 36. Be4 a3 37. Nf6+ Kh8 38. Nd5 Qe6 39. Qxf7 Qg4+ 40. Kh1 Qh3+ 41. Kg1 Qh2# 0-1

[Event "Scarborough CC Jack Frost"]
[Site "Toronto CAN"]
[Date "2012.01.05"]
[Round "6"]
[White "Sharpe, Sam"]
[Black "Triefeldt, Jack"]
[Result "1-0"]
[WhiteElo "1952"]
[BlackElo "1765"]
[PlyCount "81"]
[GameId "2160767909573048"]
[EventDate "2012.01.05"]
[EventType "swiss"]
[EventRounds "6"]
[EventCountry "CAN"]
[SourceTitle "EXT 2022"]
[Source "ChessBase"]
[SourceDate "2021.10.06"]
[SourceVersion "1"]
[SourceVersionDate "2021.10.06"]
[SourceQuality "1"]

1. c4 c5 2. g3 g6 3. Bg2 Bg7 4. Nc3 Nf6 5. Nf3 Nc6 6. O-O O-O 7. a3 a6 8. Rb1 Rb8 9. b4 cxb4 10. axb4 b5 11. c5 Bb7 12. d4 d6 13. d5 Ne5 14. Nxe5 dxe5 15. e4 Ne8 16. Qc2 Bc8 17. Ra1 Nc7 18. Bb2 Bg4 19. h3 Bc8 20. Rad1 Ne8 21. Ra1 Qc7 22. Ne2 Nd6 23. f4 Nc4 24. Bc1 exf4 25. Bxf4 Be5 26. Bxe5 Qxe5 27. Qc3 Qg5 28. Rf4 Qe5 29. Qd4 f6 30. Kh2 Ra8 31. Qxe5 fxe5 32. Rxf8+ Kxf8 33. Nc3 Rb8 34. h4 Ke8 35. Bh3 Bxh3 36. Kxh3 a5 37. bxa5 b4 38. Nb1 Rb5 39. a6 Rxc5 40. a7 Nb6 41. a8=Q+ 1-0

[Event "Scarborough CC Jack Frost"]
[Site "Toronto CAN"]
[Date "2012.02.09"]
[Round "6"]
[White "Nasirov, Ilyas"]
[Black "Lin, Tony (Juntao)"]
[Result "0-1"]
[WhiteElo "2045"]
[BlackElo "2052"]
[PlyCount "92"]
[GameId "2160767909573049"]
[EventDate "2012.01.05"]
[EventType "swiss"]
[EventRounds "6"]
[EventCountry "CAN"]

1. d4 e6 2. c4 f5 3. Nc3 Nf6 4. Nf3 Bb4 5. g3 O-O 6. Bg2 d6 7. O-O Bxc3 8. bxc3 Qe7 9. Ba3 Nbd7 10. Qc2 Ne4 11. Nd2 Nxd2 12. Qxd2 c5 13. Rab1 Rb8 14. Rfd1 b6 15. dxc5 dxc5 16. Qd6 Qxd6 17. Rxd6 Kf7 18. Rc6 Kf6 19. Rc7 a6 20. Bc6 Rf7 21. Bxd7 Rxd7 22. Rxd7 Bxd7 23. Bxc5 Rc8 24. Bxb6 Rxc4 25. f4 Bb5 26. Kf2 Kf7 27. Bd4 Ra4 28. Rb2 g6 29. Bc5 Rc4 30. Bb4 h6 31. Rd2 g5 32. e3 Rc8 33. Rd6 Bc4 34. a4 Kf6 35. Rd7 Bb3 36. a5 Bc4 37. Bd6 Bd5 38. Be5+ Kg6 39. Rg7+ Kh5 40. Rc7 Rb8 41. c4 Be4 42. fxg5 hxg5 43. Rh7+ Kg6 44. Rg7+ Kh6 45. Re7 Rb4 46. Rxe6+ Kh5 0-1

[Event "Scarborough CC Jack Frost"]
[Site "Toronto CAN"]
[Date "2012.02.09"]
[Round "6"]
[White "Paterson, Jim"]
[Black "Manalo, Pepin"]
[Result "1-0"]
[WhiteElo "1831"]
[BlackElo "1879"]
[PlyCount "129"]
[GameId "2160767909573050"]
[EventDate "2012.01.05"]
[EventType "swiss"]
[EventRounds "6"]
[EventCountry "CAN"]
[SourceTitle "EXT 2022"]
[Source "ChessBase"]
[SourceDate "2021.10.06"]
[SourceVersion "1"]
[SourceVersionDate "2021.10.06"]
[SourceQuality "1"]

1. e4 e5 2. f4 exf4 3. Nf3 Be7 4. Bc4 Bh4+ 5. Kf1 Be7 6. d4 Nf6 7. Nc3 O-O 8. Bxf4 Nxe4 9. Nxe4 d5 10. Bd3 dxe4 11. Bxe4 f5 12. Bd3 Be6 13. c4 c6 14. Qe2 Bf7 15. Bxf5 Kh8 16. g4 Nd7 17. h4 Nb6 18. b3 Bg6 19. Bxg6 Rxf4 20. Bc2 Qxd4 21. Rd1 Qf6 22. Rh3 Rxg4 23. Qe5 Qxe5 24. Nxe5 Rf8+ 25. Rf3 Rgf4 26. Ke2 Bxh4 27. Rh1 g5 28. Ke3 Kg7 29. Rxf4 Rxf4 30. Nf3 Rg4 31. Nxh4 gxh4 32. Kf3 h5 33. Bf5 Rd4 34. Ke3 c5 35. Be4 Kf6 36. Rxh4 Kg5 37. Rf4 Nd7 38. Rf7 b6 39. Rg7+ Kh4 40. Bf5 Nf6 41. Rxa7 Kg3 42. Rb7 Rd6 43. Rg7+ Ng4+ 44. Ke2 Rf6 45. Bg6 Rf2+ 46. Ke1 h4 47. Bh5 Rf4 48. Rxg4+ Rxg4 49. Bxg4 Kxg4 50. Kf2 h3 51. a3 Kf4 52. b4 Ke5 53. bxc5 bxc5 54. a4 h2 55. Kg2 h1=Q+ 56. Kxh1 Kd6 57. Kg2 Kc6 58. Kf3 Kb6 59. Ke4 Ka5 60. Kd5 Kxa4 61. Kxc5 Ka5 62. Kc6 Ka6 63. Kc7 Ka7 64. c5 Ka8 65. c6 1-0

[Event "Scarborough CC Jack Frost"]
[Site "Toronto CAN"]
[Date "2012.02.09"]
[Round "6"]
[White "Picana, Andrew"]
[Black "Southam, David"]
[Result "0-1"]
[WhiteElo "2092"]
[BlackElo "2211"]
[PlyCount "112"]
[GameId "2160767909573051"]
[EventDate "2012.01.05"]
[EventType "swiss"]
[EventRounds "6"]
[EventCountry "CAN"]
[SourceTitle "EXT 2022"]
[Source "ChessBase"]
[SourceDate "2021.10.06"]
[SourceVersion "1"]
[SourceVersionDate "2021.10.06"]
[SourceQuality "1"]

1. c4 g6 2. Nc3 Bg7 3. Nf3 d6 4. g3 e5 5. d3 f5 6. Bg5 Nf6 7. Nd5 h6 8. Bxf6 Bxf6 9. d4 e4 10. Nxf6+ Qxf6 11. Ng1 c5 12. e3 Nc6 13. Ne2 Bd7 14. Qd2 O-O-O 15. O-O-O Be8 16. Nc3 Bf7 17. d5 Ne5 18. Qc2 Kb8 19. Be2 Qe7 20. Qa4 a6 21. Rd2 Qc7 22. h3 Qb6 23. a3 Qc7 24. Kc2 Qd7 25. Qb3 g5 26. a4 Qc7 27. Qa3 Qa5 28. Rb1 Qb4 29. a5 Rc8 30. Na2 Nxc4 31. Qxb4 cxb4 32. Bxc4 Rxc4+ 33. Kb3 Rc5 34. Kxb4 Rb5+ 35. Ka4 Rc8 36. b3 Be8 37. Ka3 Rxa5+ 38. Kb2 Rac5 39. Rc1 Rxc1 40. Nxc1 Bb5 41. Na2 Bf1 42. h4 gxh4 43. gxh4 Rg8 44. Rd1 Bb5 45. Nc3 Rg2 46. Ka3 Bd3 47. Kb4 Rxf2 48. Rg1 f4 49. Rg8+ Ka7 50. Rg6 fxe3 51. Rxd6 e2 52. Nxe2 Rxe2 53. Rxh6 Bb5 54. Re6 Rd2 55. Rxe4 Rxd5 56. Rf4 Rd1 0-1

[Event "Scarborough CC Jack Frost"]
[Site "Toronto CAN"]
[Date "2012.02.09"]
[Round "6"]
[White "Song, Lin"]
[Black "Huston, Scott"]
[Result "1-0"]
[WhiteElo "1868"]
[BlackElo "1784"]
[PlyCount "37"]
[GameId "2160767909573052"]
[EventDate "2012.01.05"]
[EventType "swiss"]
[EventRounds "6"]
[EventCountry "CAN"]
[SourceTitle "EXT 2022"]
[Source "ChessBase"]
[SourceDate "2021.10.06"]
[SourceVersion "1"]
[SourceVersionDate "2021.10.06"]
[SourceQuality "1"]

1. e4 c5 2. Na3 a6 3. c3 d5 4. exd5 Qxd5 5. Nf3 b5 6. Be2 Nf6 7. Nc2 Bb7 8. Ne3 Qh5 9. d4 e6 10. h3 Nbd7 11. Ne5 Qh4 12. g3 Qg5 13. h4 Qh6 14. N3g4 Qxc1 15. Rxc1 Bxh1 16. Nxf6+ Nxf6 17. Bf3 Bxf3 18. Qxf3 Rc8 19. Qb7 1-0

[Event "Scarborough CC Jack Frost"]
[Site "Toronto CAN"]
[Date "2012.02.09"]
[Round "6"]
[White "Song, Michael"]
[Black "Shebetah, Wajdy"]
[Result "1/2-1/2"]
[WhiteElo "2184"]
[BlackElo "2073"]
[PlyCount "83"]
[GameId "2160767909573053"]
[EventDate "2012.01.05"]
[EventType "swiss"]
[EventRounds "6"]
[EventCountry "CAN"]

1. g3 e6 2. Bg2 d5 3. d4 Bd6 4. c4 c6 5. Nf3 f5 6. O-O Nf6 7. Nc3 O-O 8. Qc2 Bd7 9. Bf4 Bxf4 10. gxf4 Ne4 11. Ne5 Qh4 12. e3 Be8 13. Nxe4 fxe4 14. f3 exf3 15. Rxf3 h6 16. Ng6 Bxg6 17. Qxg6 Qf6 18. Qc2 Nd7 19. Kh1 Qf5 20. Rc1 Qxc2 21. Rxc2 dxc4 22. Rxc4 a5 23. Bh3 Rf6 24. e4 Nb6 25. Rcc3 Raf8 26. Rb3 Nc4 27. Rxb7 Nd6 28. Rb6 Nxe4 29. Rf1 Ng5 30. fxg5 Rxf1+ 31. Bxf1 Rxf1+ 32. Kg2 Rd1 33. gxh6 gxh6 34. Rxc6 Rxd4 35. Rxe6 Rd2+ 36. Kg3 Rxb2 37. h4 Kg7 38. Ra6 Rxa2 39. Kg4 a4 40. Kh5 a3 41. Ra7+ Kf6 42. Ra6+ 1/2-1/2